| 000 | 00941nam a22002657a 4500 | ||
|---|---|---|---|
| 003 | OSt | ||
| 005 | 20230113101727.0 | ||
| 008 | 230112b |||||||| |||| 00| 0 eng d | ||
| 020 | _a978 0 522854 28 2 | ||
| 040 | _cBiblioteca Lado V | ||
| 082 |
_a700.74 _bN853a |
||
| 100 |
_9521 _aNorrie, Susan _eautora |
||
| 245 |
_aAu3/ _bVenice Biennale 2007 | Australia/ |
||
| 260 |
_aSidney, Australia _bAustralian Book Connection _c2007 |
||
| 300 |
_a167p. _c21x21cm |
||
| 650 |
_2Tesauro de Arte & Arquitectura _aBIENAL |
||
| 650 |
_2Tesauro de Arte & Arquitectura _aARTE |
||
| 650 |
_2Tesauro de Arte & Arquitectura _aPINTURA |
||
| 650 |
_2Tesauro de Arte & Arquitectura _aFOTOGRAFIA |
||
| 650 |
_2Tesauro de Arte & Arquitectura _aDIBUJO |
||
| 650 |
_2Tesauro de Arte & Arquitectura _aARTE DE AUSTRALIA |
||
| 700 |
_aVon Sturmer, Daniel _eautor |
||
| 700 |
_aMorton, Callum _eautor |
||
| 942 |
_2ddc _c1 _h700.74 _in853a _n0 |
||
| 999 |
_c2766 _d2766 |
||